书目信息 |
| 题名: |
液晶彩电修理从入门到精通
|
|
| 作者: | 刘午平 主编 ;刘建清 编著 | |
| 分册: | ||
| 出版信息: | 北京 国防工业出版社 2009.04 |
|
| 页数: | 400页, [8] 页图版 | |
| 开本: | 26cm | |
| 丛书名: | 家电维修从入门到精通丛书 | |
| 单 册: | ||
| 中图分类: | TN949.192 | |
| 科图分类: | ||
| 主题词: | 液晶电视机--ye jing dian shi ji | |
| 电子资源: | ||
| ISBN: | 978-7-118-06088-1 | |
| 000 | 01195nam 2200277 450 | |
| 001 | 012009711999 | |
| 005 | 20091011140649.87 | |
| 010 | @a978-7-118-06088-1@dCNY46.00 | |
| 100 | @a20091011d2009 em y0chiy0120 ea | |
| 101 | 0 | @achi |
| 102 | @aCN@b110000 | |
| 105 | @aak a 000yy | |
| 106 | @ar | |
| 200 | 1 | @a液晶彩电修理从入门到精通@Aye jing cai dian xiu li cong ru men dao jing tong@f刘午平主编@Fliu wu ping zhu bian@g刘午平, 刘建清编著@Gliu wu ping,liu jian qing bian zhu |
| 210 | @a北京@c国防工业出版社@d2009.04 | |
| 215 | @a400页, [8] 页图版@c图@d26cm | |
| 225 | 2 | @a家电维修从入门到精通丛书@Ajia dian wei xiu cong ru men dao jing tong cong shu |
| 320 | @a有书目 | |
| 330 | @a本书从实用的角度出发,全面而详细地介绍了液晶彩电的基本组成、结构、单元电路及整机电路分析,液晶彩电各种典型故障的维修方法和技巧,特别对液晶彩电接口电路及液晶屏的维修等内容作了详细的介绍,提供了很多非常实用的液晶彩电维修资料。 | |
| 410 | 0 | @12001 @a家电维修从入门到精通丛书 |
| 606 | 0 | @a液晶电视机@Aye jing dian shi ji |
| 690 | @aTN949.192@v4 | |
| 701 | 0 | @a刘午平@Aliu wu ping@4主编 |
| 702 | 0 | @a刘建清@Aliu jian qing@4编著 |
| 801 | 0 | @aCN@bQSSK@c20091011 |
| 905 | @b761554-56@dTN949.192@eL684@f3 | |
| 液晶彩电修理从入门到精通/刘午平主编/刘午平, 刘建清编著.-北京:国防工业出版社,2009.04 |
| 400页, [8] 页图版:图;26cm.-(家电维修从入门到精通丛书) |
| ISBN 978-7-118-06088-1:CNY46.00 |
| 本书从实用的角度出发,全面而详细地介绍了液晶彩电的基本组成、结构、单元电路及整机电路分析,液晶彩电各种典型故障的维修方法和技巧,特别对液晶彩电接口电路及液晶屏的维修等内容作了详细的介绍,提供了很多非常实用的液晶彩电维修资料。 |
| ● |
| 相关链接 |
|
|
|
正题名:液晶彩电修理从入门到精通
索取号:TN949.192/L684
 
预约/预借
| 序号 | 登录号 | 条形码 | 馆藏地/架位号 | 状态 | 备注 |
| 1 | 761554 | 207615543 | 自科库301/301自科库 100排8列2层/ [索取号:TN949.192/L684] | 在馆 | |
| 2 | 761555 | 207615552 | 自科库301/301自科库 100排8列2层/ [索取号:TN949.192/L684] | 在馆 | |
| 3 | 761556 | 207615561 | 自科库301/301自科库 33排1列4层/ [索取号:TN949.192/L684] | 在馆 |